=LDR 00000nam 2200000 4500 =001 INLIS000000000006263 =005 20251106095151 =035 ##$$a 0010-1125000137 =007 ta =008 251106###########################0#ind## =082 ##$$a 363.96 =084 ##$$a 363.96 BAD m =100 #$$a Badan Koordinasi Keluarga Berencana Nasional =245 1#$$a Memantapkan Strategi Program Kie Dasawarga 80 an /$c Badan Koordinasi Keluarga Berencana Nasional =260 ##$:$b Badan Koordinasi Keluarga Berencana Nasional =300 ##$$a 46 Hal : $b Ilus ; $c 21 =650 #4$$a Keluarga Berencana =856 ##$$a Perpustakaan Kemendukbangga